| 000 | 005850000a22001930004500 | ||
|---|---|---|---|
| 041 | 0 | _aSPA | |
| 082 | 0 | 4 | _aG 251 S8541e |
| 100 | 1 | _aStibbs, Alan M. | |
| 245 | 1 | 0 | _aExponiendo la Palabra : Principios y métodos de exposición bíblica / Alan M. Stibbs |
| 260 | _aSan Ignacio, Misiones, Argentina : Hebron | ||
| 300 | _a116 Pag. | ||
| 500 | _aTítulo original : Expounding God's word | ||
| 650 | 1 | 4 | _aORATORIA SAGRADA (Homilética) |
| 001 | 1593 | ||
| 942 | _cBK | ||
| 999 |
_c32893 _d32893 |
||
| 336 |
_atexto _btxt _2rdacontent |
||
| 337 |
_2rdamedia _asin mediación _bn |
||
| 338 |
_2rdacarrier _avolumen _bnc |
||